The effect of privatization on wages and job satisfaction : the case of Ghana (Record no. 31813)

MARC details
000 -LEADER
fixed length control field 01041 a2200325 4500
041 ## - CODE DE LANGUE
Language code of summary or abstract/overprinted title or subtitle En
040 ## - SOURCE DU CATALOGAGE
Original cataloging agency Support
041 ## - CODE DE LANGUE
Language code of summary or abstract/overprinted title or subtitle En
020 ## - NUMERO INTERNATIONAL NORMALISE DES LIVRES
International Standard Book Number 90-5808-757-3
100 ## - VEDETTE PRINCIPALE - NOM DE PERSONNE
Personal name ASIEDU, Kofi Fred
130 ## - VEDETTE PRINCIPALE - TITRE UNIFORME
Language of a work En
100 ## - VEDETTE PRINCIPALE - NOM DE PERSONNE
Affiliation Abomey-Calavi, Université d'Abomey-Calavi, Faculté des Sciences Agronomiques, Bj
260 ## - PUBLICATION, DISTRIBUTION, ETC. (IMPRINT)
Place of publication, distribution, etc Wageningen
260 ## - PUBLICATION, DISTRIBUTION, ETC. (IMPRINT)
Name of publisher, distributor, etc Université de Wageningen
245 ## - TITLE STATEMENT
Title The effect of privatization on wages and job satisfaction : the case of Ghana
260 ## - PUBLICATION, DISTRIBUTION, ETC. (IMPRINT)
Date of publication, distribution, etc 27 novembre 2002
300 ## - PHYSICAL DESCRIPTION
Extent iii-222 p.
300 ## - PHYSICAL DESCRIPTION
Other physical details Ill., Couv. ill. ; 24 cm
502 ## - DISSERTATION NOTE
Dissertation note Thèse de Doctorat
520 ## - SUMMARY, ETC.
Summary, etc The thesis examines the impact of privatization on wages and job satisfaction in selected urban-based enterprises in Ghana. The fear and anxiety of workers in ...
653 1# - INDEX TERM--UNCONTROLLED
Uncontrolled term Agronomie
650 ## - SUBJECT ADDED ENTRY--TOPICAL TERM
Topical term or geographic name as entry element REMUNERATION
650 ## - SUBJECT ADDED ENTRY--TOPICAL TERM
Topical term or geographic name as entry element PRIVATISATION
650 ## - SUBJECT ADDED ENTRY--TOPICAL TERM
Topical term or geographic name as entry element SATISFACTION DU TRAVAIL
650 ## - SUBJECT ADDED ENTRY--TOPICAL TERM
Topical term or geographic name as entry element ECONOMIE
650 ## - SUBJECT ADDED ENTRY--TOPICAL TERM
Topical term or geographic name as entry element WORK SATISFACTION
651 ## - SUBJECT ADDED ENTRY--GEOGRAPHIC NAME
Geographic name GHANA
710 ## - ADDED ENTRY--CORPORATE NAME
Corporate name or jurisdiction name as entry element Wageningen University
Holdings
Withdrawn status Lost status Damaged status Not for loan Location (home branch) Sublocation or collection (holding branch) Date acquired Koha issues (times borrowed) Koha full call number Koha date last seen Copy number Price effective from Koha item type Public note
        Bibliothèque-Centre de Documentation de la Faculté des Sciences Agronomiques Bibliothèque-Centre de Documentation de la Faculté des Sciences Agronomiques 08/05/2008   T.ESAC.2002.029 28/02/2009 01 28/02/2009 Livre A.11118


© 2008, Bibliothèques de l'Université d'Abomey-Calavi

04 BP 789 Cotonou, Tél. : +229 21 36 01 01, Fax : +229 21 35 06 32

Courriel : bu@bu.uac.bj